Ha Noi Who are you? : Tropical plants and animals = Hà Nội, Bạn là ai?: Cây và con vật nhiệt đới

Giới thiệu các cây cổ thụ, cây cảnh, những cây gắn bó với đời sống văn hóa Việt Nam

Enregistré dans:
Détails bibliographiques
Auteur principal: Hữu Ngọc
Format: Livre
Langue:Undetermined
Publié: Hà Nội Nxb Hà Nội 2010
Sujets:
Tags: Ajouter un tag
Pas de tags, Soyez le premier à ajouter un tag!
Thư viện lưu trữ: Trung tâm Học liệu Trường Đại học Cần Thơ
LEADER 00838nam a2200205Ia 4500
001 CTU_164582
008 210402s9999 xx 000 0 und d
082 |a 577.0959731 
082 |b H566 
100 |a Hữu Ngọc 
245 0 |a Ha Noi Who are you? : Tropical plants and animals = 
245 0 |b Hà Nội, Bạn là ai?: Cây và con vật nhiệt đới 
245 0 |c Hữu Ngọc (chủ biên) ; Lady Borton hợp tác 
260 |a Hà Nội 
260 |b Nxb Hà Nội 
260 |c 2010 
520 |a Giới thiệu các cây cổ thụ, cây cảnh, những cây gắn bó với đời sống văn hóa Việt Nam 
650 |a Tropical plants,Animals,Cây nhiệt đới,Động vật 
904 |i Năm 
980 |a Trung tâm Học liệu Trường Đại học Cần Thơ